00492as aa2200133a 44500090002000000245003100020260005900051260003700110310001000147041001400157942001200171999001700183952015800200 aSERIADASb0149810aColombian economic journal bAcademia Colombiana de Ciencias EconómicasaColombia bUniversidad Nacional de Colombia aAnual0 aEspañol cREVISTA c17262d17262 001040708HEMEROTECAA2003B1C1IINV2017aVillabVillad2004-07-02l0oSERIADAS 01498p016337r2015-03-25 00:00:00t1w2015-03-25xDonaciónyREVISTA